Statistics for M Marks the Spot

Click here to take the quiz!

General Stats

  • This quiz has been taken 69 times
  • The average score is 13 of 21

Answer Stats

HintAnswer% Correct
Disney lionSimba
92%
Iliad authorHomer
90%
Santa's entranceChimney
89%
Ship of the desertCamel
85%
GrasscutterLawnmower
85%
Pipe repairmanPlumber
85%
Calculus, geometry, etcMathematics
84%
Thumper's friendBambi
73%
Jordan's capitalAmman
71%
ShyTimid
71%
Impersonate, copyMimic
65%
Deep redCrimson
52%
Moby Dick narratorIshmael
52%
Washington capitalOlympia
50%
April birthstoneDiamond
47%
Japanese noodle soupRamen
47%
Female bartenderBarmaid
45%
Decay, rot, spoilDecompose
35%
VintnerWinemaker
31%
McCartney's birth nameJames
26%
Full range, spectrumGamut
23%

Score Distribution

Percentile by Number Answered

Percent of People with Each Score

Your Score History

You have not taken this quiz